| 000 | 01004nam a2200301 a 4500 | ||
|---|---|---|---|
| 001 | 26681 | ||
| 003 | CO-ViMGA | ||
| 005 | 20230915232203.0 | ||
| 008 | 141112s2004 ck r 000 u spa d | ||
| 020 | _a9789974690233 | ||
| 040 |
_aCO-ViMGA _bspa _cCO-ViMGA |
||
| 041 |
_aspa _beng |
||
| 043 | _ae - dk - - - | ||
| 082 | 0 | 4 | _aI809.899 A53p9 |
| 100 | 1 |
_aAndersen, Hans Christian, 1805 - 1875. _92378 |
|
| 245 | 1 | 0 |
_aEl patito feo = The ugly duckling / _cHans Christian Andersen ; adaptación Martha Ghiglioni |
| 260 |
_aUruguay : _bLatinbooks, _c2010 |
||
| 300 | _a[24] p. : il. ; 19 cm. | ||
| 490 | _aMis primeros cuentos bilingues = My first bilingual tales | ||
| 546 | _aTexto bilingue : español - inglés. | ||
| 650 | 1 | 4 |
_aCuentos bilingues _941405 |
| 650 | 1 | 4 |
_aCuentos clásicos _941406 |
| 650 | 1 | 4 |
_aCuentos daneses _941407 |
| 650 | 1 | 4 |
_aLiteratura infantil _92746 |
| 700 | 1 |
_aGhiglioni, Marta, tr. _941408 |
|
| 942 |
_2ddc _cBK |
||
| 949 | _an n | ||
| 999 |
_c10030 _d10030 |
||